000 00730nam a22003010a 4500
001 PT52489
003 AR-LpoUNG
005 20210201010424.0
008 201001s2012||||ag |||||||||||||||||spa d
020 _a9789871326921
_c$1,80
040 _aAR-LpoUNG
_bspa
_eaacr
041 _aspa
044 _aag
082 0 _aA863 125muj
100 1 _aDa Graca Costa, Liria
245 1 0 _aMujer en espera
250 _a1ยง ed.
260 _aRemedios de Escalada :
_bUNLa,
_c2012.
300 _a88 p. :
_bfot.
_3Impreso
490 0 _aPueblo de los talleres
650 4 _aARGENTINA
650 4 _aCUENTOS
650 4 _aLITERATURA
651 4 _aArgentina
653 _aLITERATURA ARGENTINA
905 _a52489
942 _cLIB
999 _c51257
_d51257